Statistics for Top 30 Largest Settlements in Devon

Click here to take the quiz!

General Stats

  • This quiz has been taken 114 times
  • The average score is 17 of 30

Answer Stats

Population (2011)LocationAnswer% Correct
117,773South-EastExeter
97%
256,384South-WestPlymouth
97%
65,245SouthTorquay
94%
34,432South-EastExmouth
86%
24,033NorthBarnstaple
81%
49,021SouthPaignton
79%
24,029SouthNewton Abbot
68%
7,104CentralOkehampton
68%
13,161SouthDawlish
67%
21,335EastTiverton
67%
14,749SouthTeignmouth
65%
11,156South-WestHoniton
64%
11,509NorthIlfracombe
64%
7,456SouthTotnes
64%
5,605SouthDartmouth
63%
13,737South-WestSidmouth
63%
16,610North-EastBideford
56%
16,693SouthBrixham
53%
7,600CentralCrediton
51%
12,280South-WestTavistock
51%
11,851South-EastIvybridge
46%
6,557South-EastAxminster
44%
7,096South-WestSeaton
36%
8,499EastCullompton
35%
5,887SouthKingsbridge
33%
5,185South-EastBudleigh Salterton
32%
10,451SouthKingsteignton
25%
7,168SouthBovey Tracey
19%
5,714NorthGreat Torrington
11%
12,062North-EastNortham
11%

Score Distribution

Percentile by Number Answered

Percent of People with Each Score

Your Score History

You have not taken this quiz